000 00399 a2200169 4500
001 157072
020 _a9788516107239
040 _cEscola São Tomás de Aquino
100 _aCANTO, Eduardo Leite
240 1 0 _aCiências Naturais
_lpor
245 1 0 _aCiências Naturais
300 _a295 p.
362 0 _a2017
440 1 _aModerna
697 _aCIÊNCIAS NATURAIS E MATEMÁTICA
942 _cBK
999 _c157072
_d157072